000 00351nam a2200145Ia 4500
005 20251222152012.0
008 251222s9999||||xx |||||||||||||| ||spa||
020 _a713626801
082 _aREF.636.089/W48
100 _aWest, Geoffrey
245 0 _aDiccionario Enciclopédico de Veterinaria
250 _a1ra.ed.
264 _bGRASS
942 _cLIB
999 _c24949
_d24949